1223 1481 1709 1028 1741 1964 1732 1869 1139 1043 1280 1373 1919 1075 1493 1405 1208 1181 1949 1898 1014 1370 1809 1091 1599 1776 1295 1085 1798 1701 1043 1007 1992 1169 1398 1629 1927 1158 1237 1683 1384 1716 1608 1892 1962 1697 1698 1256 1893 1628 1492 1703 1255 1154 1111 1329 1296 1174 1846 1310 1659 1812 1710 1045 1493 1893 1930 1403 1457 1678 1395 1063 1051 1595 1304 1703 1912 1319 1582 1223 1037 1060 1712 1152 1021 1738 1837 1107 1039 1785 1607 1307 1001 1139 1992 1660 1480 1997 1183 BCNSPRNW ULIB Ver.6.0+V

เปลี่ยนเป็นภาษาไทย

Change to English
 แสดงรายละเอียดบรรณานุกรม
  กลับหน้าหลัก

Brief Record : Get Marc (ISO 2709) : E-mail record : QR code < ปิดหน้าต่าง
LEADER : 00000nam 2200000uu 4500
001    13399107917
003     ULIB
008    110209s||||||||th 000 0 tha d
020    9742919267
060 04 WY158^bย399ก 2545
100 0  ยุพดี รัตตะรังสี
245 10 การพยาบาลผู้ป่วยสูงอายุทางจักษุวิทยา /^cยุพดี รัตตะรังสี
250    พิมพ์ครั้งที่ 2
260    [นนทบุรี] :^bกลุ่มงานการพยาบาล โรงพยาบาลสงฆ์ กรมการแพทย์กระทรวงสาธารณสุข,^c2545
300    (6), 170 หน้า :^bภาพประกอบ ;^c30 ซม.
650  7 การพยาบาล
650  7 จักษุวิทยา
650  7 ผู้สูงอายุ
710 2  กรมการแพทย์. ^bกลุ่มงานการพยาบาล
710 2  กระทรวงสาธารณสุข. ^bกรมการแพทย์
945    ^p0^l0^i017189
945    ^p0^l0^i016295
945    ^p0^l0^i016294
945    ^p0^l0^i016296
995    ทศพร
999 ^a ใช้งานได้ทุกระบบ
รายการนี้ยังไม่มีแท็ก
คุณยังไม่ได้ล็อกอิน คุณสามารถมีกิจกรรมร่วมกับเว็บไซต์ได้ แต่ต้องล็อกอินก่อน ::
  ล็อกอิน

รายการสื่อสารสนเทศ

ลำดับที่ ประเภท เลขเรียก/บาร์โค้ด สถานที่ สถานะ
1. วิทยาศาสตร์การแพทย์ และสุขภาพ
วิทยาศาสตร์การแพทย์ และสุขภาพ
สถานะ=หนังสือเก่า
WY158 ย399ก 2545 ฉ.4 
  Barcode: 017189
ห้องสมุดวิทยาเขตสวรรค์ประชารักษ์
►ส่วนจัดเก็บหนังสือเก่า สปร
บนชั้น
  ขอยืม

รายการใกล้เคียง
    หัวเรื่อง [การพยาบาล]
    หัวเรื่อง [จักษุวิทยา]
    หัวเรื่อง [ผู้สูงอายุ]

BibComment


ยังไม่เคยถูกคอมเมนท์

คอมเมนท์ทรัพยากรรายการนี้
  คอมเมนท์: การพยาบาลผู้ป่วยส..


 Copyright 2026. Bcnsprnw @Library